SPARE (Record no. 12312)
[ view plain ]
| 000 -LEADER | |
|---|---|
| fixed length control field | 00242nam a22000977a 4500 |
| 008 - FIXED-LENGTH DATA ELEMENTS--GENERAL INFORMATION | |
| fixed length control field | 230607b |||||||| |||| 00| 0 eng d |
| 020 ## - INTERNATIONAL STANDARD BOOK NUMBER | |
| International Standard Book Number | 9780857504791 |
| 100 ## - MAIN ENTRY--PERSONAL NAME | |
| Personal name | HARRY PRINCE |
| 9 (RLIN) | 7680 |
| 245 ## - TITLE STATEMENT | |
| Title | SPARE |
| 260 ## - PUBLICATION, DISTRIBUTION, ETC. (IMPRINT) | |
| Place of publication, distribution, etc. | UK |
| Name of publisher, distributor, etc. | PENGUIN RANDOM HOUSE |
| Date of publication, distribution, etc. | 2023 |
| Withdrawn status | Lost status | Source of classification or shelving scheme | Damaged status | Koha normalized classification for sorting | Not for loan | Home library | Current library | Shelving location | Date acquired | Total Checkouts | Full call number | Barcode | Date last seen | Price effective from | Koha item type |
|---|---|---|---|---|---|---|---|---|---|---|---|---|---|---|---|
| Dewey Decimal Classification | HAR_920_000000000000000 | Good Samaritan School Library | Good Samaritan School Library | Biography | 06/07/2023 | HAR920 | HAR17599 | 06/07/2023 | 06/07/2023 | BOOK |